<?xml version="1.0" encoding="UTF-8"?>
<collection xmlns="http://www.loc.gov/MARC21/slim">
 <record>
  <leader>04341nam a2200361 a 4500</leader>
  <controlfield tag="001">kal5105</controlfield>
  <controlfield tag="003">Gr-AtHEAL</controlfield>
  <controlfield tag="005">20160426115809.0</controlfield>
  <controlfield tag="006">m        d        </controlfield>
  <controlfield tag="008">160413s2015    gr      s           gre|c</controlfield>
  <datafield tag="020" ind1=" " ind2=" ">
   <subfield code="a">9789606033315</subfield>
  </datafield>
  <datafield tag="040" ind1=" " ind2=" ">
   <subfield code="a">GR-AtHEAL</subfield>
   <subfield code="b">gre</subfield>
   <subfield code="c">GR-AtHEAL</subfield>
  </datafield>
  <datafield tag="082" ind1="0" ind2="4">
   <subfield code="a">320.9495</subfield>
   <subfield code="2">23</subfield>
  </datafield>
  <datafield tag="100" ind1="1" ind2=" ">
   <subfield code="a">Σακκάς, Ιωάννης.</subfield>
   <subfield code="8">1565</subfield>
  </datafield>
  <datafield tag="245" ind1="1" ind2="2">
   <subfield code="a">Η Ελλάδα στη Μεσόγειο, 1950-2004</subfield>
   <subfield code="h">[Ηλεκτρονικός πόρος] </subfield>
   <subfield code="b">Εξωτερική πολιτική και περιφερειακές διενέξεις</subfield>
   <subfield code="c">Σακκάς, Ιωάννης ; Κριτικός αναγνώστης,Βόγλη, Ελπίδα ; Γλωσσική επιμέλεια,Τρομάρα, Σοφία.</subfield>
  </datafield>
  <datafield tag="260" ind1=" " ind2=" ">
   <subfield code="a">Αθήνα :</subfield>
   <subfield code="b">Σύνδεσμος Ελληνικών Ακαδημαϊκών Βιβλιοθηκών,</subfield>
   <subfield code="c">c2015.</subfield>
  </datafield>
  <datafield tag="490" ind1=" " ind2=" ">
   <subfield code="a">Ακαδημαϊκά Ηλεκτρονικά Συγγράμματα και Βοηθήματα Κάλλιπος</subfield>
   <subfield code="8">40</subfield>
  </datafield>
  <datafield tag="520" ind1=" " ind2=" ">
   <subfield code="a">Το βιβλίο αυτό καλύπτει την ελληνική πολιτική στο χώρο της Μεσογείου από το 1950 ως το 2004. Το1ο κεφάλαιο εστιάζει στην ελληνική διπλωματία τη δεκαετία του 1940, η οποία περιλαμβάνει το Β Παγκόσμιο Πόλεμο, τον ελληνικό εμφύλιο και την έναρξη του Ψυχρού Πολέμου. Τα κεφάλαια 2 και 3 αναλύουν τις ελληνοαραβικές σχέσεις και τη στάση της Ελλάδας στο παλαιστιανιακό ζήτημα, ενώ τα κεφ. 4 και 5 επικεντρώνονται στο κυπριακό ζήτημα, την τουρκική εισβολή στην Κύπρο και τις ελληνοτουρκικές σχέσεις και το κυπριακό ως το 2004 (σχέδιο Ανάν και ένταξη Κύπρου στην ΕΕ). Η μελέτη απευθύνεται στο γενικό αναγνωστικό κοινό, που επιθυμεί να γνωρίσει την πολιτική της Ελλάδας στο περιφερειακό της περιβάλλον τον περασμένο αιώνα, αλλά και στους ειδικούς των επιστημών της ιστορίας, της πολιτικής επιστήμης και των διεθνών σχέσεων, για να εμβαθύνουν ακόμα περισσότερο σε ζητήματα ελληνικής εξωτερικής πολιτικής. Διδάσκοντες, φοιτητές, σπουδαστές και ειδικοί μπορούν να βρουν στο βιβλίο αυτό το απαραίτητο υλικό για να κατανοήσουν έννοιες και θέματα που σχετίζονται με θέματα εξωτερικής πολιτικής, περιφερειακών διενέξεων, ξένης επιρροής και εμπλοκής και τοπικών ιδιαιτεροτήτων</subfield>
  </datafield>
  <datafield tag="650" ind1=" " ind2="0">
   <subfield code="a">Greek history</subfield>
   <subfield code="8">2546</subfield>
  </datafield>
  <datafield tag="650" ind1=" " ind2="0">
   <subfield code="a">Mediterranean Region</subfield>
   <subfield code="x">History</subfield>
   <subfield code="y">1945-</subfield>
   <subfield code="8">2547</subfield>
  </datafield>
  <datafield tag="653" ind1=" " ind2=" ">
   <subfield code="a">Διενέξεις στη Μεσόγειο</subfield>
  </datafield>
  <datafield tag="653" ind1=" " ind2=" ">
   <subfield code="a">Ελληνική εξωτερική πολιτική</subfield>
  </datafield>
  <datafield tag="653" ind1=" " ind2=" ">
   <subfield code="a">Ιστορία</subfield>
   <subfield code="a">Ιστορία των χωρών</subfield>
   <subfield code="a">Αραβικές χώρες</subfield>
  </datafield>
  <datafield tag="653" ind1=" " ind2=" ">
   <subfield code="a">Ιστορία</subfield>
   <subfield code="a">Ιστορία των χωρών</subfield>
   <subfield code="a">Κύπρος</subfield>
  </datafield>
  <datafield tag="653" ind1=" " ind2=" ">
   <subfield code="a">Ιστορία</subfield>
   <subfield code="a">Ιστορία των χωρών</subfield>
   <subfield code="a">Ελληνική ιστορία</subfield>
  </datafield>
  <datafield tag="653" ind1=" " ind2=" ">
   <subfield code="a">Ιστορία</subfield>
   <subfield code="a">Γενική ιστορία, θεωρία</subfield>
   <subfield code="a">Σύγχρονη ιστορία</subfield>
  </datafield>
  <datafield tag="653" ind1=" " ind2=" ">
   <subfield code="a">Ιστορία</subfield>
   <subfield code="a">Ιστορία των χωρών</subfield>
   <subfield code="a">Ευρώπη, Μεσόγειος, Μέση Ανατολή</subfield>
  </datafield>
  <datafield tag="700" ind1="1" ind2=" ">
   <subfield code="a">Βόγλη, Ελπίδα</subfield>
   <subfield code="e">Κριτικός αναγνώστης</subfield>
   <subfield code="8">1566</subfield>
  </datafield>
  <datafield tag="856" ind1="4" ind2="0">
   <subfield code="u">http://hdl.handle.net/11419/5105</subfield>
   <subfield code="z">Πλήρες Κείμενο - Full text</subfield>
  </datafield>
  <datafield tag="907" ind1=" " ind2=" ">
   <subfield code="a">.b25677494</subfield>
   <subfield code="b">12-06-18</subfield>
   <subfield code="c">29-07-16</subfield>
  </datafield>
  <datafield tag="949" ind1=" " ind2=" ">
   <subfield code="0">0</subfield>
   <subfield code="1">0</subfield>
   <subfield code="2">ddc</subfield>
   <subfield code="4">0</subfield>
   <subfield code="6">320_949500000000000_ΣΑΚ</subfield>
   <subfield code="7">0</subfield>
   <subfield code="8">KALL</subfield>
   <subfield code="8">507</subfield>
   <subfield code="d">2016-04-13</subfield>
   <subfield code="r">2016-04-13</subfield>
   <subfield code="w">2016-04-13</subfield>
   <subfield code="z">320.9495 ΣΑΚ</subfield>
   <subfield code="o">SEAB KALLIPOS</subfield>
  </datafield>
  <datafield tag="998" ind1=" " ind2=" ">
   <subfield code="a">80</subfield>
   <subfield code="a">01</subfield>
   <subfield code="a">02</subfield>
   <subfield code="a">03</subfield>
   <subfield code="a">04</subfield>
   <subfield code="a">05</subfield>
   <subfield code="a">06</subfield>
   <subfield code="a">07</subfield>
   <subfield code="a">08</subfield>
   <subfield code="a">09</subfield>
   <subfield code="a">10</subfield>
   <subfield code="a">11</subfield>
   <subfield code="a">12</subfield>
   <subfield code="a">13</subfield>
   <subfield code="a">14</subfield>
   <subfield code="a">15</subfield>
   <subfield code="a">16</subfield>
   <subfield code="a">17</subfield>
   <subfield code="a">18</subfield>
   <subfield code="a">19</subfield>
   <subfield code="a">20</subfield>
   <subfield code="a">21</subfield>
   <subfield code="a">22</subfield>
   <subfield code="a">23</subfield>
   <subfield code="a">24</subfield>
   <subfield code="a">25</subfield>
   <subfield code="a">26</subfield>
   <subfield code="b">10-05-17</subfield>
   <subfield code="c">m</subfield>
   <subfield code="d">z  </subfield>
   <subfield code="e">-</subfield>
   <subfield code="f">gre</subfield>
   <subfield code="g">gr </subfield>
   <subfield code="h">2</subfield>
  </datafield>
  <datafield tag="942" ind1=" " ind2=" ">
   <subfield code="2">ddc</subfield>
   <subfield code="c">KALLIPOS</subfield>
  </datafield>
 </record>
</collection>
